000 00683nam a2200241Ia 4500
003 OSt
005 20220927111250.0
006 a|||||r|||| 00| 0
007 ta
008 220926b |||||||| |||| 00| 0 eng d
024 _a69237
037 _cReports
040 _aRTL
_cRTL
_beng
041 _2eng
_aeng
082 _a"X7295:(Z).2.N7, M2"
100 _aJois P V
_9381786
245 0 _aDelegated legislation and exercise of delegated po
260 _aBombay
_bSomaiya India
_c1982
300 _a173p. Bib p 169-73
_ccm.
650 _aCustoms Duty
_9381787
942 _h"X7295:(Z).2.N7, M2"
_cCC
999 _c698918
_d698918